| 000 | 00463nam a2200169Ia 4500 | ||
|---|---|---|---|
| 999 |
_c25030 _d25030 |
||
| 008 | 141014s9999||||xx |||||||||||||| ||und|| | ||
| 010 | _a24880 | ||
| 020 | _aSISBN | ||
| 040 | _aANE | ||
| 041 | _aEs | ||
| 082 | _a346.944 P699 T4 Ejm2 | ||
| 100 | _aPlaniol, Marcelo y Otros | ||
| 245 | _aTratado Práctico de Derecho Civil Francés. Las Sucesiones | ||
| 250 | _aS/E | ||
| 260 |
_aLa Habana, Cuba _c1933 _bCultural S.A. |
||
| 300 |
_a798 p _c23 cm |
||
| 650 | _aDerecho | ||
| 942 |
_cBK _2ddc _zNr. |
||